El despertar de Asia

שמור ב:
מידע ביבליוגרפי
מחבר ראשי: Lenin, Vladimir Ilich
פורמט: ספר
שפה:Undetermined
יצא לאור: Moscú, Rusia Editorial Progreso 1979
נושאים:
תגים: הוספת תג
אין תגיות, היה/י הראשונ/ה לתייג את הרשומה!

MARC

LEADER 00000nam a2200000Ia 4500
008 170316s9999 xx 000 0 und d
090 |a 100 L-31de 
100 |a Lenin, Vladimir Ilich 
245 |a El despertar de Asia 
260 |a Moscú, Rusia 
260 |b Editorial Progreso 
260 |c 1979 
300 |a 91 páginas 
650 |a FILOSOFÍA 
650 |a POLÍTICA 
999 |c 16787  |d 16787 
040 |a cru BVZT 
942 |c 15 D  |h 100 L-31de  |2 z